| 000 | 00469nam a22001217a 4500 | ||
|---|---|---|---|
| 999 |
_c9333 _d9333 |
||
| 003 | OSt | ||
| 008 | 201203b ||||| |||| 00| 0 eng d | ||
| 245 | _aJournal of Indian Water Works Association | ||
| 250 | _a2017(Jan-Mar Vol.49 No.1, Apr-Jun Vol.49 No.2, Oct-Dec Vol.49 No.4) 2018(Jan-Mar Vol.50 No.1, Apr-Jun Vol.50 No.2, Jul-Sep Vol.50 No.3, Oct-Dec Vol.50 No.4) | ||
| 260 |
_aNew Delhi _bIndian Water Works Association |
||
| 650 | _aCivil Engineering | ||
| 942 |
_2ddc _cBV |
||